Turismo en espacio rural rehabilitación del patrimonio sociocultural y de la economía local /
Сохранить в:
| Главный автор: | |
|---|---|
| Формат: | |
| Язык: | Spanish |
| Опубликовано: |
Madrid
Educación Popular
Madrid Ministerio de Cultura. Dirección GEneral de Cooperación Cultural |
| Серии: | Promoción cultural
|
| Предметы: | |
| Метки: |
Добавить метку
Нет меток, Требуется 1-ая метка записи!
|
MARC
| LEADER | 00000nam a22000007a 4500 | ||
|---|---|---|---|
| 003 | cru CIDCACS/IIS | ||
| 005 | 20200925161220.0 | ||
| 008 | 170217b1988 sp a|||| |||| 00| ||spa d | ||
| 020 | |a 8486524-80-6 | ||
| 040 | |c CRAI/IIS |a CRAI/IIS | ||
| 090 | |a 00.00.00 B000r | ||
| 100 | 1 | |9 2740 |a Bote Gómez, Venancio | |
| 245 | 1 | 0 | |a Turismo en espacio rural |b rehabilitación del patrimonio sociocultural y de la economía local / |c Venancio Bote Gómez |
| 260 | |a Madrid |b Educación Popular | ||
| 260 | |a Madrid |b Ministerio de Cultura. Dirección GEneral de Cooperación Cultural | ||
| 300 | |a 134 páginas | ||
| 440 | |9 2518 |a Promoción cultural |n 10 | ||
| 500 | |a Colección Alforja | ||
| 650 | 1 | 0 | |9 1265 |a TURISMO |
| 650 | 1 | 0 | |9 2742 |a PATRIMONIO CULTURAL |
| 942 | |2 ddc |c LI | ||
| 999 | |c 18908 |d 18908 | ||



